Hodntenie vplyvu rizík na medzinárodný obchod bakalárska práca

Gespeichert in:
Bibliographische Detailangaben
1. Verfasser: Horbachova, Daria
Körperschaft: Obchodná fakulta EU. Katedra medzinárodného obchodu
Weitere Verfasser: Hrubšová, Andrea, 1999-
Format: Buch
Sprache:Slowakisch
Veröffentlicht: Bratislava 2025
Tags: Tag hinzufügen
Keine Tags, Fügen Sie das erste Tag hinzu!

MARC

LEADER 00000nbm a2200000 4500
001 0311057
005 20251106104204.2
041 0 |a slo 
044 |a SK 
245 1 0 |a Hodntenie vplyvu rizík na medzinárodný obchod  |b bakalárska práca  |c Daria Horbachova ; školiteľ: Andrea Hrubšová 
264 1 |a Bratislava  |c 2025 
300 |a 61 s. 
100 1 |a Horbachova, Daria 
700 1 |a Hrubšová, Andrea, 1999- 
710 2 |a Obchodná fakulta EU. Katedra medzinárodného obchodu